00443cam a2200169ua 45000010005000000080039000050200018000440400009000620820012000711000033000832450047001162500009001632600041001723000022002136530013002356530025002482498110823n ii |||gr||||Z||||||eng a81-237-3681-9 cMAIN a398.0541 aBose, Nirmal Kumar,eAuthor.1 aTribel life in indiacby Nirmal Kumar Bose a1st. aNew Delhi:bNational book trust,971. a91p:bill;c23cm. aFolklore aTribel life in india